000 00779nam a2200265Ia 4500
003 OSt
005 20221005101113.0
006 a|||||r|||| 00| 0
007 ta
008 221004b |||||||| |||| 00| 0 eng d
020 _a184169181X
_c828.33
024 _a82364
037 _b1726, 30/03/2005, Bharat Scientific Syndicate
_cTextual
040 _aCRL
_cCRL
_beng
041 _2eng
_aeng
082 _aS8:45, P2
100 _aBurr Vivien
_916831
245 0 _aPerson in social psychology
260 _aSussex
_bPsychology Press
_c2002
300 _a170p.
_ccm.
490 _aPsychology Focus
650 _aSOCIAL PSYCHOLOGY
942 _hS8:45, P2
_cTEXL
_2cc
999 _c1006195
_d1006195